Information technology / (Record no. 150323)
[ view plain ]
| 000 -LEADER | |
|---|---|
| fixed length control field | 00654nam a2200193 4500 |
| 005 - DATE AND TIME OF LATEST TRANSACTION | |
| control field | 20180310135815.0 |
| 010 ## - LCCN (DPL NO) | |
| LC control number | B-667811 |
| 020 ## - INTERNATIONAL STANDARD BOOK NUMBER | |
| International Standard Book Number | 9788131308363 |
| Terms of availability | 295.00 |
| 035 ## - SYSTEM CONTROL NUMBER | |
| System control number | B-667811 |
| 037 ## - SOURCE OF ACQUISITION | |
| Source of stock number/acquisition | Prabhat Prakashan/Ven |
| Stock number | dpl |
| 037 ## - SOURCE OF ACQUISITION | |
| Source of stock number/acquisition | DBAD/PUB |
| 082 ## - DEWEY DECIMAL CLASSIFICATION NUMBER | |
| Classification number | 004 |
| 245 ## - TITLE STATEMENT | |
| Title | Information technology / |
| Statement of responsibility, etc | by Deepak Tyagi...[et al] |
| 260 ## - PUBLICATION, DISTRIBUTION, ETC. (IMPRINT) | |
| Place of publication, distribution, etc | New Delhi |
| Name of publisher, distributor, etc | APH Publishing |
| Date of publication, distribution, etc | 2017 |
| 270 ## - ADDRESS | |
| Address | 4435-36/7,Ansari Road,Darya Ganj |
| City | New Delhi |
| Postal code | 110002 |
| 300 ## - PHYSICAL DESCRIPTION | |
| Extent | x,298p. |
| Dimensions | 22cm(pbk) |
| 942 ## - ADDED ENTRY ELEMENTS (KOHA) | |
| Source of classification or shelving scheme | Dewey Decimal Classification |
| Item type | English Books |
| Call number suffix | INF |
| Classification part | 004 |
| Withdrawn status | Lost status | Not for loan | Collection code | Home library | Current library | Date acquired | Source of acquisition | Cost, normal purchase price | Full call number | Barcode | Copy number | Cost, replacement price | Koha item type |
|---|---|---|---|---|---|---|---|---|---|---|---|---|---|
| Non-fiction | Ashok Vihar | Ashok Vihar | 10/03/2018 | Prabhat /PP/L2720/03.03.2017/428/15.02.2017/18.03.2017 | 295.00 | 004 INF | B-667811 | 1 | 295.00 | English Books |
